ORTHOPAEDICS IN PRIMARY CARE / (Record no. 795345)

MARC details
000 -LEADER
fixed length control field 00485pam a2200193 a 4500
020 ## - INTERNATIONAL STANDARD BOOK NUMBER
International Standard Book Number 0750687851
Terms of availability 2718.37
041 ## - LANGUAGE CODE
Language code of text/sound track or separate title eng
Language code of original NULL
082 ## - DEWEY DECIMAL CLASSIFICATION NUMBER
Classification number 617.3
Item number CAR/HAM
100 ## - MAIN ENTRY--PERSONAL NAME
Personal name CARR, A .
245 ## - TITLE STATEMENT
Title ORTHOPAEDICS IN PRIMARY CARE /
Statement of responsibility, etc. NULL.
Medium Textual Documents
250 ## - EDITION STATEMENT
Edition statement 2 /
Remainder of edition statement .
260 ## - PUBLICATION, DISTRIBUTION, ETC.
Place of publication, distribution, etc. NULL :
Name of publisher, distributor, etc. ELSEVIER ,
Date of publication, distribution, etc. 2005.
300 ## - PHYSICAL DESCRIPTION
Extent 189 :
Other physical details ix ;
Dimensions NULL .
365 ## - TRADE PRICE
Price type code 2718.37
650 ## - SUBJECT ADDED ENTRY--TOPICAL TERM
Topical term or geographic name entry element ORTHO
700 ## - ADDED ENTRY--PERSONAL NAME
Personal name HAMILTON , W .
930 ## - EQUIVALENCE OR CROSS-REFERENCE-UNIFORM TITLE HEADING [LOCAL, CANADA]
Uniform title 809
Holdings
Withdrawn status Lost status Damaged status Not for loan Home library Current library Date acquired Cost, normal purchase price Total Checkouts Full call number Barcode Date last seen Copy number Price effective from Koha item type
        Medical College & Hospital, Sangli Medical College & Hospital, Sangli 28/11/2011 2718.37   617.3 CAR/HAM MCS-2702 26/07/2023 1 26/07/2023 Book